[Event "Hastings Masters op 83rd"]
[Site "Hastings"]
[Date "2008.01.01"]
[Round "5"]
[White "Mansson, James C"]
[Black "Kaufman, Raymond"]
[Result "0-1"]
[WhiteElo "2161"]
[BlackElo "2393"]
[PlyCount "62"]
[GameId "1166650185404416"]
[EventDate "2007.12.28"]
[EventType "swiss"]
[EventRounds "10"]
[EventCountry "ENG"]
[SourceTitle "CBM 122 Extra"]
[Source "ChessBase"]
[SourceDate "2008.03.04"]
[SourceVersion "1"]
[SourceVersionDate "2008.03.04"]
[SourceQuality "1"]

1. Nf3 c5 2. c4 Nc6 3. d4 cxd4 4. Nxd4 Nf6 5. g3 Qb6 6. Nb3 e6 7. Bg2 Bb4+ 8. Nc3 Ne5 9. Be3 Qa6 10. c5 Nc4 11. Bc1 d6 12. cxd6 O-O 13. O-O Rd8 14. Qc2 h6 15. Nd2 Nxd6 16. Nde4 Nfxe4 17. Nxe4 Nf5 18. e3 Bd7 19. a3 Rac8 20. Qb1 Be7 21. Nc3 Bf6 22. Re1 Bc6 23. Bf1 Qa5 24. b4 Qe5 25. Bb2 Rd2 26. f4 Nh4 27. gxh4 Qh5 28. Be2 Rxe2 29. Rxe2 Qf3 30. Qf1 Qh1+ 31. Kf2 Bxh4# 0-1

[Event "Hastings Masters op 83rd"]
[Site "Hastings"]
[Date "2008.01.02"]
[Round "6"]
[White "Kaufman, Raymond"]
[Black "Kwiatkowski, Feliks Jerzy"]
[Result "1-0"]
[WhiteElo "2393"]
[BlackElo "2237"]
[PlyCount "161"]
[GameId "1166650185592832"]
[EventDate "2007.12.28"]
[EventType "swiss"]
[EventRounds "10"]
[EventCountry "ENG"]
[SourceTitle "CBM 122 Extra"]
[Source "ChessBase"]
[SourceDate "2008.03.04"]
[SourceVersion "1"]
[SourceVersionDate "2008.03.04"]
[SourceQuality "1"]

1. d4 Nf6 2. c4 e6 3. Nc3 Bb4 4. Qc2 O-O 5. a3 Bxc3+ 6. Qxc3 b6 7. Bg5 Bb7 8. e3 d6 9. Nf3 Nbd7 10. Nd2 c5 11. dxc5 bxc5 12. Be2 Qb6 13. O-O Rab8 14. b4 d5 15. bxc5 Qxc5 16. Bf4 Rbc8 17. Qb4 Qc6 18. Bf3 Nc5 19. Bg5 Nfe4 20. cxd5 exd5 21. Be7 Nxd2 22. Qxd2 Nb3 23. Qb2 Nxa1 24. Bxf8 Kxf8 25. Qxa1 Qc3 26. Qb1 Ba6 27. Rd1 g6 28. a4 Qc4 29. Qb2 Qxa4 30. Rxd5 Kg8 31. h3 Bc4 32. Rd4 Qb5 33. Qd2 a5 34. Bg4 Rb8 35. Qc3 Bb3 36. Qc7 a4 37. Bd7 Qb6 38. Qxb6 Rxb6 39. Bxa4 Bxa4 40. Rxa4 h5 41. Kh2 Rb2 42. Kg3 Kg7 43. Ra5 Re2 44. Re5 Ra2 45. f4 Kf6 46. Rb5 Ra3 47. Kf3 Rc3 48. Re5 Ra3 49. Kg3 Rb3 50. Kh4 Rb2 51. g3 Rh2 52. Re8 Kg7 53. e4 Rh1 54. e5 Re1 55. Re7 Re3 56. Ra7 Re1 57. Kg5 Re3 58. Kh4 Re1 59. g4 hxg4 60. hxg4 Re4 61. Kg5 Re1 62. Re7 Re2 63. Re8 Re1 64. Kh4 Re4 65. Kg3 Re3+ 66. Kf2 Re4 67. Kf3 Re1 68. f5 gxf5 69. gxf5 Rf1+ 70. Ke4 Re1+ 71. Kd5 Rd1+ 72. Kc6 Rf1 73. f6+ Kg6 74. Kd6 Re1 75. Rg8+ Kf5 76. Ke7 Rxe5+ 77. Kxf7 Ra5 78. Kg7 Ra1 79. Rb8 Ke6 80. Rb6+ Kd7 81. f7 1-0

[Event "Hastings Masters op 83rd"]
[Site "Hastings"]
[Date "2008.01.03"]
[Round "7"]
[White "Kaufman, Raymond"]
[Black "Jones, Gawain C B"]
[Result "0-1"]
[WhiteElo "2393"]
[BlackElo "2567"]
[PlyCount "74"]
[GameId "1166650185805824"]
[EventDate "2007.12.28"]
[EventType "swiss"]
[EventRounds "10"]
[EventCountry "ENG"]
[SourceTitle "CBM 122 Extra"]
[Source "ChessBase"]
[SourceDate "2008.03.04"]
[SourceVersion "1"]
[SourceVersionDate "2008.03.04"]
[SourceQuality "1"]

1. d4 Nf6 2. c4 g6 3. Nc3 Bg7 4. e4 d6 5. Bd3 O-O 6. Nge2 Na6 7. Bg5 h6 8. Bh4 e5 9. d5 h5 10. O-O Bh6 11. f4 exf4 12. Nxf4 Bg4 13. Nfe2 Be3+ 14. Kh1 g5 15. Bf2 Bf4 16. h3 Bxe2 17. Nxe2 Be5 18. Be3 Nh7 19. Nd4 Nc5 20. Bc2 h4 21. Qh5 Qe8 22. Rad1 f6 23. Qxe8 Rfxe8 24. Nb5 Na6 25. b3 Red8 26. a4 c5 27. dxc6 bxc6 28. Nxa7 Nb4 29. Bb1 Rdb8 30. Rd2 Kf7 31. Rfd1 Nf8 32. Rxd6 Bxd6 33. Rxd6 Rd8 34. Bc5 Rxd6 35. Bxd6 Rxa7 36. Bxb4 Rb7 37. Bxf8 Rxb3 0-1

[Event "Foxwoods op 10th"]
[Site "Ledyard"]
[Date "2008.03.20"]
[Round "3"]
[White "Arkell, Keith C"]
[Black "Kaufman, Raymond"]
[Result "1-0"]
[WhiteElo "2489"]
[BlackElo "2386"]
[PlyCount "101"]
[GameId "1166650385231872"]
[EventDate "2008.03.19"]
[EventType "swiss"]
[EventRounds "9"]
[EventCountry "USA"]
[SourceTitle "CBM 123 Extra"]
[Source "ChessBase"]
[SourceDate "2008.05.06"]
[SourceVersion "1"]
[SourceVersionDate "2008.05.06"]
[SourceQuality "1"]

1. d4 Nf6 2. Nf3 e6 3. c4 b6 4. g3 Bb7 5. Bg2 Be7 6. Nc3 O-O 7. Qd3 c5 8. d5 exd5 9. cxd5 d6 10. O-O Na6 11. Nh4 Re8 12. Nf5 Bf8 13. a3 Nc7 14. Bg5 h6 15. Bf4 b5 16. b4 c4 17. Qd1 Qd7 18. e4 a5 19. Qc2 Reb8 20. Ne2 axb4 21. axb4 Rxa1 22. Rxa1 Na6 23. Bd2 g6 24. Nfd4 Bg7 25. Ra5 Nc7 26. Ra7 Qe8 27. Bf4 Bf8 28. Nc3 Ng4 29. Qd2 h5 30. Bf1 Ne5 31. Bh6 Be7 32. h3 Bf6 33. Qe3 Kh7 34. Bg5 Bg7 35. Be2 Qd7 36. Kh2 Nd3 37. Bxd3 cxd3 38. Qxd3 Bc8 39. Kg1 Ra8 40. Rxa8 Nxa8 41. h4 Nb6 42. Nc6 Qg4 43. Nxb5 Ba6 44. Nb8 Bxb5 45. Qxb5 Qd1+ 46. Kg2 Na4 47. Qe8 Nc3 48. Qxf7 Ne2 49. Bf6 Qg1+ 50. Kf3 Qh1+ 51. Ke3 1-0

[Event "Foxwoods op 10th"]
[Site "Ledyard"]
[Date "2008.03.21"]
[Round "5"]
[White "Friedel, Joshua E"]
[Black "Kaufman, Raymond"]
[Result "1-0"]
[WhiteElo "2487"]
[BlackElo "2386"]
[PlyCount "41"]
[GameId "1166650385399808"]
[EventDate "2008.03.19"]
[EventType "swiss"]
[EventRounds "9"]
[EventCountry "USA"]
[SourceTitle "CBM 123 Extra"]
[Source "ChessBase"]
[SourceDate "2008.05.06"]
[SourceVersion "1"]
[SourceVersionDate "2008.05.06"]
[SourceQuality "1"]

1. e4 e5 2. Nf3 Nc6 3. Bb5 f5 4. Nc3 fxe4 5. Nxe4 Nf6 6. Qe2 d5 7. Nxf6+ gxf6 8. d4 Bg7 9. dxe5 O-O 10. e6 Ne5 11. Bf4 c6 12. Nxe5 fxe5 13. Bxe5 Bxe5 14. Qxe5 Qa5+ 15. c3 Qxb5 16. Qg5+ Kh8 17. e7 Re8 18. O-O-O Qc4 19. Qf6+ Kg8 20. Rhe1 Qxa2 21. Re5 1-0

[Event "USA tt"]
[Site "ICC INT"]
[Date "2008.08.27"]
[Round "1"]
[White "Kaufman, Raymond"]
[Black "Molner, Mackenzie"]
[Result "0-1"]
[WhiteElo "2360"]
[BlackElo "2337"]
[PlyCount "50"]
[GameId "1166651182247936"]
[EventDate "2008.10.22"]
[EventType "team"]
[EventRounds "10"]
[EventCountry "USA"]
[SourceTitle "CBM 126 Extra"]
[Source "ChessBase"]
[SourceDate "2008.11.05"]
[SourceVersion "1"]
[SourceVersionDate "2008.11.05"]
[SourceQuality "1"]

1. d4 Nf6 2. c4 c5 3. d5 b5 4. Nf3 Bb7 5. a4 Qa5+ 6. Bd2 b4 7. Qc2 d6 8. e4 Nbd7 9. Bd3 g6 10. O-O Bg7 11. h3 O-O 12. Bf4 Qc7 13. Re1 Nh5 14. Bh2 e5 15. dxe6 fxe6 16. Nbd2 e5 17. Rad1 Nb8 18. Nf1 Rxf3 19. gxf3 Nc6 20. Be2 Rf8 21. Ne3 Bc8 22. Nd5 Qd8 23. Kh1 Qh4 24. Qd2 Bh6 25. f4 Bxh3 0-1

[Event "USA tt"]
[Site "ICC INT"]
[Date "2008.09.22"]
[Round "5"]
[White "Kaufman, Raymond"]
[Black "Pasalic, Mehmed"]
[Result "1/2-1/2"]
[WhiteElo "2360"]
[BlackElo "2401"]
[PlyCount "140"]
[GameId "1166651182718976"]
[EventDate "2008.10.22"]
[EventType "team"]
[EventRounds "10"]
[EventCountry "USA"]
[SourceTitle "CBM 126 Extra"]
[Source "ChessBase"]
[SourceDate "2008.11.05"]
[SourceVersion "1"]
[SourceVersionDate "2008.11.05"]
[SourceQuality "1"]

1. d4 Nf6 2. c4 e6 3. Nf3 Bb4+ 4. Nbd2 b6 5. a3 Bxd2+ 6. Bxd2 Bb7 7. Bg5 d6 8. e3 Nbd7 9. Be2 h6 10. Bh4 Nf8 11. O-O Ng6 12. Bg3 O-O 13. Nd2 e5 14. b4 Qe7 15. Re1 Rfe8 16. Qc2 h5 17. h3 h4 18. Bh2 Nh7 19. dxe5 dxe5 20. c5 Qg5 21. Ne4 Qe7 22. Rac1 Ng5 23. c6 Bc8 24. Nc3 Nxh3+ 25. gxh3 Bxh3 26. Kh1 Rad8 27. Rg1 Qe6 28. Nb5 Re7 29. Bf3 a6 30. Nc3 f5 31. e4 Rf7 32. exf5 Bxf5 33. Be4 Rd4 34. Qe2 Ne7 35. b5 axb5 36. Bxf5 Rxf5 37. Nxb5 Qd5+ 38. f3 Rd2 39. Qc4 Qxc4 40. Rxc4 Rxf3 41. Rcg4 Nxc6 42. Rxg7+ Kf8 43. Nxc7 Rh3 44. Ne6+ Ke8 45. R7g2 Rxg2 46. Kxg2 Rxa3 47. Rb1 Kd7 48. Ng5 Ra8 49. Nf3 Ra2+ 50. Kh3 Rf2 51. Nxe5+ Nxe5 52. Bxe5 Kc6 53. Kxh4 b5 54. Kg3 Rf7 55. Bf4 Kc5 56. Kf3 b4 57. Ke4 Kc4 58. Be5 Re7 59. Rc1+ Kb3 60. Rc8 Ka2 61. Ra8+ Kb3 62. Kd5 Kc2 63. Ra2+ Kd3 64. Rb2 Rxe5+ 65. Kxe5 Kc3 66. Rh2 b3 67. Rh3+ Kc2 68. Kd4 b2 69. Rh2+ Kb3 70. Rxb2+ Kxb2 1/2-1/2

[Event "USA tt"]
[Site "ICC INT"]
[Date "2008.10.01"]
[Round "6"]
[White "Molner, Mackenzie"]
[Black "Kaufman, Raymond"]
[Result "1-0"]
[WhiteElo "2337"]
[BlackElo "2360"]
[PlyCount "57"]
[GameId "1166651182866432"]
[EventDate "2008.10.22"]
[EventType "team"]
[EventRounds "10"]
[EventCountry "USA"]
[SourceTitle "CBM 126 Extra"]
[Source "ChessBase"]
[SourceDate "2008.11.05"]
[SourceVersion "1"]
[SourceVersionDate "2008.11.05"]
[SourceQuality "1"]

1. e4 e6 2. d4 d5 3. Nc3 Nf6 4. e5 Nfd7 5. f4 c5 6. Nf3 Nc6 7. Be3 Qb6 8. Na4 Qa5+ 9. c3 cxd4 10. b4 Nxb4 11. cxb4 Bxb4+ 12. Bd2 Bxd2+ 13. Nxd2 O-O 14. Be2 b5 15. Nb2 Nb6 16. O-O Qc3 17. Rf3 d3 18. Nxd3 Qd4+ 19. Kh1 Nc4 20. Nb3 Qb6 21. Qe1 Bb7 22. Qh4 d4 23. Rh3 h6 24. Ndc5 Bd5 25. Rg3 Ne3 26. Qxh6 Nf5 27. Rxg7+ Nxg7 28. Nd7 Bxg2+ 29. Kg1 1-0

[Event "American Continental 05th"]
[Site "Boca Raton"]
[Date "2008.11.03"]
[Round "2"]
[White "Kaufman, Raymond"]
[Black "Lima, Darcy Gustavo Macha"]
[Result "0-1"]
[WhiteElo "2320"]
[BlackElo "2488"]
[PlyCount "64"]
[GameId "1166651242029056"]
[EventDate "2008.11.01"]
[EventType "swiss"]
[EventRounds "9"]
[EventCountry "USA"]
[SourceTitle "EXT 2009"]
[Source "ChessBase"]
[SourceDate "2008.11.26"]
[SourceVersion "1"]
[SourceVersionDate "2008.11.26"]
[SourceQuality "1"]

1. d4 d5 2. c4 dxc4 3. Nf3 c5 4. d5 e6 5. e4 exd5 6. Qxd5 Qxd5 7. exd5 Ne7 8. Bxc4 Nf5 9. O-O Nd6 10. Bb3 Bf5 11. Re1+ Kd8 12. Bf4 Nd7 13. Nc3 a6 14. Ng5 h6 15. Bxd6 hxg5 16. Bxf8 Rxf8 17. d6 b5 18. Bd5 Rb8 19. Rad1 Rb6 20. Ba8 Re8 21. Rxe8+ Kxe8 22. g3 Nf6 23. Re1+ Be6 24. Re5 c4 25. Rxg5 Kf8 26. Re5 Rxd6 27. Re2 b4 28. Ne4 Nxe4 29. Bxe4 Rd1+ 30. Kg2 Ra1 31. f4 g6 32. h3 Rxa2 0-1

[Event "Hastings Masters op 84th"]
[Site "Hastings"]
[Date "2008.12.30"]
[Round "3"]
[White "Salimbeni, George PW"]
[Black "Kaufman, Raymond"]
[Result "0-1"]
[WhiteElo "2103"]
[BlackElo "2320"]
[PlyCount "98"]
[GameId "1166651388182528"]
[EventDate "2008.12.28"]
[EventType "swiss"]
[EventRounds "9"]
[EventCountry "ENG"]
[SourceTitle "CBM 128 Extra"]
[Source "ChessBase"]
[SourceDate "2009.03.05"]
[SourceVersion "2"]
[SourceVersionDate "2009.03.25"]
[SourceQuality "1"]

1. e4 e6 2. d4 d5 3. Nd2 Nf6 4. e5 Nfd7 5. Bd3 c5 6. c3 Nc6 7. Ne2 cxd4 8. cxd4 f6 9. exf6 Nxf6 10. Nf3 Bd6 11. O-O Qc7 12. Nc3 a6 13. Bg5 O-O 14. Bh4 g6 15. Bg3 Nh5 16. Bxd6 Qxd6 17. a3 Bd7 18. Re1 Rf6 19. Be2 Raf8 20. g3 Ng7 21. Qd3 Nf5 22. Rad1 Kg7 23. b4 h6 24. b5 axb5 25. Nxb5 Qb8 26. Rd2 g5 27. Bd1 R6f7 28. Bc2 Kh8 29. Rde2 Rg7 30. a4 Nb4 31. Qd1 Nxg3 32. fxg3 Rxf3 33. Re3 Rf6 34. Bb1 Rgf7 35. Qd2 Qf8 36. Bd3 Rf2 37. R3e2 Nxd3 38. Qxd3 Rf1+ 39. Rxf1 Rxf1+ 40. Kg2 e5 41. dxe5 Bf5 42. Qd4 Be4+ 43. Rxe4 Qf3+ 44. Kh3 Qxe4 45. Qc3 Qf5+ 46. Kg2 Rf2+ 47. Kg1 Re2 48. e6+ Kh7 49. Qc7+ Kg6 0-1

[Event "Prague op-A 08th"]
[Site "Prague"]
[Date "2009.01.15"]
[Round "8"]
[White "Kaufman, Raymond"]
[Black "Dolezal, Radoslav"]
[Result "0-1"]
[WhiteElo "2308"]
[BlackElo "2436"]
[PlyCount "82"]
[GameId "1166651432165376"]
[EventDate "2009.01.09"]
[EventType "swiss"]
[EventRounds "9"]
[EventCountry "CZE"]
[SourceTitle "CBM 128 Extra"]
[Source "ChessBase"]
[SourceDate "2009.03.05"]
[SourceVersion "2"]
[SourceVersionDate "2009.03.25"]
[SourceQuality "1"]

1. d4 d5 2. c4 c6 3. Nc3 Nf6 4. e3 g6 5. Nf3 Bg7 6. Be2 O-O 7. O-O dxc4 8. Bxc4 Bf5 9. Re1 Ne4 10. Bd3 Nxc3 11. bxc3 Bxd3 12. Qxd3 Nd7 13. a4 e5 14. Rb1 Re8 15. Qc2 b6 16. Ba3 Qc7 17. Nd2 c5 18. d5 e4 19. Nxe4 Qe5 20. f3 f5 21. Ng5 Qxc3 22. Qa2 Rxe3 23. d6+ c4 24. Rec1 Qd4 25. Kh1 Rc8 26. Rd1 Qh4 27. Rbc1 Rxa3 28. Qxa3 Qxg5 29. Qb4 c3 30. Qb5 Qd8 31. Qd5+ Kh8 32. Re1 Nf6 33. Qe6 Rc6 34. Qf7 Rxd6 35. Rxc3 Rd7 36. Qc4 h6 37. Rce3 Kh7 38. Qc2 Rc7 39. Qe2 Qd4 40. Ra3 Qb4 41. Raa1 Nd5 0-1

[Event "Dos Hermanas Internet qual-B 10th"]
[Site "ICC INT"]
[Date "2009.03.13"]
[Round "1"]
[White "Kocjancic, Eddie"]
[Black "Kaufman, Raymond"]
[Result "1/2-1/2"]
[WhiteElo "1973"]
[BlackElo "2308"]
[PlyCount "82"]
[GameId "1166651585380352"]
[EventDate "2009.03.13"]
[EventType "swiss (blitz)"]
[EventRounds "12"]
[EventCountry "ESP"]
[SourceTitle "CBM 129 Extra"]
[Source "ChessBase"]
[SourceDate "2009.05.05"]
[SourceVersion "2"]
[SourceVersionDate "2009.05.20"]
[SourceQuality "1"]

1. e4 e6 2. d4 d5 3. Nd2 Nf6 4. e5 Nfd7 5. Bd3 c5 6. c3 Nc6 7. Ne2 cxd4 8. cxd4 f6 9. exf6 Qxf6 10. Nf3 Bd6 11. Bg5 Qf7 12. O-O O-O 13. Bh4 h6 14. Bg3 Bxg3 15. fxg3 e5 16. dxe5 Ndxe5 17. Nxe5 Qxf1+ 18. Qxf1 Rxf1+ 19. Rxf1 Nxe5 20. Bc2 Bg4 21. Nd4 Nc4 22. Rf4 Bd7 23. Bf5 Rd8 24. Bxd7 Rxd7 25. b3 Ne5 26. Kf1 g5 27. Rf5 Rf7 28. Ke2 Rxf5 29. Nxf5 Kf7 30. Ke3 Ng4+ 31. Kd4 Kg6 32. Ne7+ Kf7 33. Nxd5 Nxh2 34. Ne3 Ke6 35. Ke4 h5 36. a3 b6 37. b4 b5 38. Kd4 Kd6 39. Ke4 Ke6 40. Kd4 Kd6 41. Ke4 Ke6 1/2-1/2

[Event "Dos Hermanas Internet qual-B 10th"]
[Site "ICC INT"]
[Date "2009.03.13"]
[Round "2"]
[White "Kaufman, Raymond"]
[Black "Duenas, Alexis"]
[Result "1-0"]
[WhiteElo "2308"]
[BlackElo "1936"]
[PlyCount "73"]
[GameId "1166651585892352"]
[EventDate "2009.03.13"]
[EventType "swiss (blitz)"]
[EventRounds "12"]
[EventCountry "ESP"]
[SourceTitle "CBM 129 Extra"]
[Source "ChessBase"]
[SourceDate "2009.05.05"]
[SourceVersion "2"]
[SourceVersionDate "2009.05.20"]
[SourceQuality "1"]

1. e4 e6 2. d4 d5 3. Nd2 Nf6 4. e5 Nfd7 5. Bd3 c5 6. c3 Nc6 7. Ne2 cxd4 8. cxd4 Qb6 9. Nf3 f6 10. exf6 Bb4+ 11. Bd2 Nxf6 12. O-O O-O 13. a3 Bd6 14. b4 e5 15. dxe5 Nxe5 16. Nxe5 Bxe5 17. Rc1 Ng4 18. Qe1 Bxh2+ 19. Kh1 Qf6 20. f3 Ne5 21. Bb1 Nc4 22. Kxh2 Nxd2 23. Qxd2 Qh4+ 24. Kg1 Rf6 25. Qxd5+ Be6 26. Qe5 Rh6 27. Qg3 Qh1+ 28. Kf2 Qh5 29. Rh1 Qxh1 30. Rxh1 Rxh1 31. Nf4 Rxb1 32. Nxe6 Rb2+ 33. Kg1 g6 34. Qe5 Rb1+ 35. Kh2 Kf7 36. Ng5+ Kg8 37. Qe7 1-0

[Event "Dos Hermanas Internet qual-B 10th"]
[Site "ICC INT"]
[Date "2009.03.13"]
[Round "3"]
[White "Jukemura, Rodrigo"]
[Black "Kaufman, Raymond"]
[Result "0-1"]
[WhiteElo "2048"]
[BlackElo "2308"]
[PlyCount "86"]
[GameId "1166651586473984"]
[EventDate "2009.03.13"]
[EventType "swiss (blitz)"]
[EventRounds "12"]
[EventCountry "ESP"]
[SourceTitle "CBM 129 Extra"]
[Source "ChessBase"]
[SourceDate "2009.05.05"]
[SourceVersion "2"]
[SourceVersionDate "2009.05.20"]
[SourceQuality "1"]

1. d4 g6 2. c4 Bg7 3. e4 d6 4. Be2 Nc6 5. d5 Nd4 6. Nf3 c5 7. O-O Nxe2+ 8. Qxe2 Nf6 9. h3 O-O 10. Nc3 a6 11. e5 dxe5 12. Nxe5 Ne8 13. Nd3 b6 14. Bf4 Nd6 15. Bxd6 exd6 16. Rfe1 Bd7 17. Qe7 Qc7 18. Ne4 Rfe8 19. Qxd6 Qb7 20. Nf6+ Bxf6 21. Qxf6 Bf5 22. Ne5 Qe7 23. Qxe7 Rxe7 24. Nc6 Rxe1+ 25. Rxe1 Kg7 26. g4 Bd3 27. b3 b5 28. Ne5 Bc2 29. Re2 Re8 30. Rxc2 Rxe5 31. Rd2 Kf6 32. f4 Re4 33. Kg2 Rxf4 34. d6 Rd4 35. Rxd4 cxd4 36. d7 Ke7 37. d8=Q+ Kxd8 38. Kf3 bxc4 39. bxc4 f5 40. gxf5 gxf5 41. Ke2 f4 42. h4 Kc7 43. h5 Kc6 0-1

[Event "Dos Hermanas Internet qual-B 10th"]
[Site "ICC INT"]
[Date "2009.03.13"]
[Round "5"]
[White "Hammer, Jon Ludvig"]
[Black "Kaufman, Raymond"]
[Result "1-0"]
[WhiteElo "2532"]
[BlackElo "2308"]
[PlyCount "81"]
[GameId "1166651587534848"]
[EventDate "2009.03.13"]
[EventType "swiss (blitz)"]
[EventRounds "12"]
[EventCountry "ESP"]
[SourceTitle "CBM 129 Extra"]
[Source "ChessBase"]
[SourceDate "2009.05.05"]
[SourceVersion "2"]
[SourceVersionDate "2009.05.20"]
[SourceQuality "1"]

1. e4 b6 2. d4 Bb7 3. Bd3 Nf6 4. Qe2 Nc6 5. c3 e5 6. d5 Ne7 7. Nf3 Ng6 8. g3 a5 9. h4 h5 10. Nbd2 a4 11. Nc4 d6 12. Ne3 Ng4 13. Nxg4 hxg4 14. Bb5+ Ke7 15. Nh2 Ra5 16. Nxg4 f6 17. Bd2 Kf7 18. c4 Ra8 19. h5 Ne7 20. f4 c6 21. dxc6 Bxc6 22. Bxc6 Nxc6 23. Bc3 Qc8 24. f5 Nd4 25. Qd3 Qc5 26. Rd1 Rc8 27. Bxd4 exd4 28. Qxd4 Qxc4 29. Ne3 Qxd4 30. Rxd4 Rc1+ 31. Rd1 Rxd1+ 32. Kxd1 Be7 33. Nd5 b5 34. Kd2 Bd8 35. g4 Ba5+ 36. Kd3 Rc8 37. h6 Rh8 38. h7 g5 39. Nc3 Bxc3 40. Kxc3 Kg7 41. Kb4 1-0

[Event "Dos Hermanas Internet qual-B 10th"]
[Site "ICC INT"]
[Date "2009.03.13"]
[Round "7"]
[White "Mosquera Klinger, Miguel Alonso"]
[Black "Kaufman, Raymond"]
[Result "0-1"]
[WhiteElo "2370"]
[BlackElo "2308"]
[PlyCount "130"]
[GameId "1166651588431872"]
[EventDate "2009.03.13"]
[EventType "swiss (blitz)"]
[EventRounds "12"]
[EventCountry "ESP"]
[SourceTitle "CBM 129 Extra"]
[Source "ChessBase"]
[SourceDate "2009.05.05"]
[SourceVersion "2"]
[SourceVersionDate "2009.05.20"]
[SourceQuality "1"]

1. d4 Nf6 2. Bg5 e6 3. Nc3 h6 4. Bh4 Bb4 5. f3 c5 6. e3 Nc6 7. dxc5 Qa5 8. Bxf6 gxf6 9. Nge2 Qxc5 10. Qd2 d5 11. a3 Qa5 12. Rd1 Be7 13. Nf4 Bd7 14. Bd3 f5 15. O-O O-O-O 16. b4 Qc7 17. Rb1 Rhg8 18. Kh1 Bg5 19. g3 d4 20. Nce2 dxe3 21. Qc3 e5 22. Nd5 Qd6 23. b5 Qxd5 24. bxc6 Bxc6 25. Bxf5+ Kb8 26. Qb4 Qd2 27. Be4 Qxb4 28. Rxb4 Bxe4 29. fxe4 Rd2 30. Nc3 e2 31. Re1 Rc8 32. Rb3 Rxc3 33. Rxc3 Rd1 34. Kg2 Rxe1 35. Kf2 Rh1 36. Kxe2 Rxh2+ 37. Kf3 Rd2 38. Rc5 f6 39. Kg4 Rd8 40. Kf5 Be3 41. Rc3 Bd2 42. Rf3 Bg5 43. g4 Rc8 44. c3 Rc6 45. Kg6 a6 46. a4 Ka7 47. a5 Bd2 48. Rxf6 Rxf6+ 49. Kxf6 Bxc3 50. Kg6 Bd2 51. Kf5 Bf4 52. g5 hxg5 53. Kg4 b6 54. axb6+ Kxb6 55. Kf3 a5 56. Ke2 a4 57. Kd3 Kb5 58. Kc3 Kc5 59. Kb2 Kd4 60. Ka3 Kxe4 61. Kxa4 Kd3 62. Kb3 e4 63. Kb4 e3 64. Kc5 e2 65. Kd5 e1=Q 0-1

[Event "Dos Hermanas Internet qual-B 10th"]
[Site "ICC INT"]
[Date "2009.03.13"]
[Round "8"]
[White "Szmetan, Ricardo"]
[Black "Kaufman, Raymond"]
[Result "0-1"]
[WhiteElo "2274"]
[BlackElo "2308"]
[PlyCount "86"]
[GameId "1166651588898816"]
[EventDate "2009.03.13"]
[EventType "swiss (blitz)"]
[EventRounds "12"]
[EventCountry "ESP"]
[SourceTitle "CBM 129 Extra"]
[Source "ChessBase"]
[SourceDate "2009.05.05"]
[SourceVersion "2"]
[SourceVersionDate "2009.05.20"]
[SourceQuality "1"]

1. Nf3 d5 2. c4 e6 3. g3 Nf6 4. b3 Be7 5. Bg2 O-O 6. O-O Ne4 7. Bb2 Bf6 8. Bxf6 Qxf6 9. d4 Nd7 10. Qc2 c5 11. e3 cxd4 12. exd4 Nd6 13. cxd5 exd5 14. Nc3 Nb6 15. Ne5 Be6 16. a4 Rac8 17. Qb2 Nf5 18. a5 Nxd4 19. Rfe1 Nd7 20. f4 Nxe5 21. Rxe5 Rfd8 22. Rae1 Nc6 23. R5e2 Nd4 24. Rd2 Nf5 25. b4 Qxc3 26. Qxc3 Rxc3 27. Bxd5 h6 28. Rxe6 Rc1+ 29. Kf2 fxe6 30. Bxe6+ Kf8 31. Rxd8+ Ke7 32. Rd7+ Kxe6 33. Rxb7 Rc2+ 34. Kf3 Nd4+ 35. Ke4 Nc6 36. b5 Nxa5 37. Rxa7 Nc4 38. b6 Nd6+ 39. Kd3 Rb2 40. Ra6 Kd7 41. g4 Kc6 42. Ra7 Rb3+ 43. Kd4 Rxb6 0-1

[Event "Dos Hermanas Internet qual-B 10th"]
[Site "ICC INT"]
[Date "2009.03.13"]
[Round "11"]
[White "Zilbermintz, Lev"]
[Black "Kaufman, Raymond"]
[Result "1/2-1/2"]
[WhiteElo "2014"]
[BlackElo "2308"]
[PlyCount "154"]
[GameId "1166651590037504"]
[EventDate "2009.03.13"]
[EventType "swiss (blitz)"]
[EventRounds "12"]
[EventCountry "ESP"]
[SourceTitle "CBM 129 Extra"]
[Source "ChessBase"]
[SourceDate "2009.05.05"]
[SourceVersion "2"]
[SourceVersionDate "2009.05.20"]
[SourceQuality "1"]

1. d4 d5 2. e4 dxe4 3. Nc3 Nf6 4. f3 e5 5. dxe5 Qxd1+ 6. Kxd1 Nfd7 7. Nd5 Kd8 8. Bg5+ f6 9. exf6 gxf6 10. Nxf6 Be7 11. Nxe4 Bxg5 12. Nxg5 Ke7 13. b3 Nc6 14. Kc1 Nde5 15. Kb2 Bf5 16. Re1 Kf6 17. Ne4+ Bxe4 18. Rxe4 Rhg8 19. Nh3 a5 20. Nf4 Rad8 21. Nd3 Nxd3+ 22. cxd3 Nd4 23. f4 c5 24. g3 b5 25. Bh3 Ra8 26. Rc1 Nc6 27. Rxc5 Ne7 28. Re6+ Kf7 29. Rc7 Rae8 30. Rh6 Rg7 31. Ra6 Kf8 32. Raa7 Rf7 33. Bg4 Rd8 34. Bh5 Rg7 35. f5 Nxf5 36. Rxg7 Nxg7 37. Be2 Re8 38. Bf3 Re3 39. Be4 Re2+ 40. Kc3 b4+ 41. Kc4 Rxa2 42. h4 Ne6 43. Kb5 Nd4+ 44. Kc4 Ne2 45. Bxh7 Nxg3 46. Kb5 Rb2 47. Rxa5 Rxb3 48. Kc4 Rb1 49. Rb5 b3 50. Rxb3 Rxb3 51. Kxb3 Kg7 52. Be4 Ne2 53. Kc4 Kh6 54. Bf3 Nf4 55. h5 Nxd3 56. Kxd3 Kg5 57. Ke4 Kh6 58. Kf5 Kg7 59. Kg5 Kh8 60. Bd5 Kg7 61. Kh4 Kh8 62. Be4 Kg7 63. Kg4 Kh8 64. Kg5 Kg7 65. h6+ Kh8 66. Kh5 Kg8 67. Bf5 Kh8 68. Bg6 Kg8 69. Kg5 Kh8 70. Kf6 Kg8 71. Bh5 Kh8 72. Kg5 Kg8 73. Bg6 Kh8 74. Kh5 Kg8 75. Bf5 Kh8 76. Kg5 Kg8 77. Kf6 Kh8 1/2-1/2

[Event "Dos Hermanas Internet qual-B 10th"]
[Site "ICC INT"]
[Date "2009.03.13"]
[Round "12"]
[White "Kaufman, Raymond"]
[Black "Demaria, Juan Pablo"]
[Result "0-1"]
[WhiteElo "2308"]
[BlackElo "2288"]
[PlyCount "42"]
[GameId "1166651590193152"]
[EventDate "2009.03.13"]
[EventType "swiss (blitz)"]
[EventRounds "12"]
[EventCountry "ESP"]
[SourceTitle "CBM 129 Extra"]
[Source "ChessBase"]
[SourceDate "2009.05.05"]
[SourceVersion "2"]
[SourceVersionDate "2009.05.20"]
[SourceQuality "1"]

1. d4 e5 2. dxe5 f6 3. Nf3 Nc6 4. exf6 Nxf6 5. Nc3 Bc5 6. e3 O-O 7. Bc4+ Kh8 8. O-O d6 9. h3 Bd7 10. Na4 Bb6 11. Nxb6 axb6 12. b3 Qc8 13. Bb2 Bxh3 14. gxh3 Qxh3 15. Nh2 Ra5 16. Qf3 Qh6 17. Kh1 Rh5 18. Qg2 Ng4 19. Qxg4 Rxh2+ 20. Kg1 Rh1+ 21. Kg2 Qh2# 0-1